000 00333nam a22001457a 4500
008 230630b ||||| |||| 00| 0 eng d
020 _a0132227509
041 _aeng
080 _a51
082 _a51GAY
100 _a23
101 _aMATE
245 _aBASIC COLLEGE MATHEMATICS WITH EARLY INTEGERS
_cGAY .M .E
942 _2udc
_cBK
999 _c60064
_d60064